| 000 | 01748nam0a2200361 4500 | ||
|---|---|---|---|
| 001 | RU\NLR\bibl\1680824 | ||
| 005 | 20250616051344.0 | ||
| 010 |
_a978-5-7205-1065-7 _9300 |
||
| 021 |
_aRU _b2010-63106 _94142 |
||
| 035 | _a(nilc)RSL-KNO-004720125 | ||
| 035 | _a(NLR Aleph) 001672030 | ||
| 090 |
_a1047555 _c1047555 |
||
| 100 | _a20100816d2010 |||y0rusy50 ca | ||
| 101 | 0 | _arus | |
| 102 | _aRU | ||
| 105 | _ay ||||||||| | ||
| 200 | 1 |
_aНеправомерный доступ к компьютерной информации _eуголовно-правовой анализ _eмонография _fР. М. Айсанов |
|
| 210 |
_aМосква _cЮстицинформ _d2010 |
||
| 215 |
_a188, [1] с. _d21 |
||
| 300 | _aНа 4-й с. обл. авт.: Айсанов Р.М. - к.ю.н. | ||
| 320 | _aБиблиогр.: с. 150-187 (405 назв.) и в подстроч. прим. | ||
| 606 | 1 |
_aКомпьютерная информация _xНеправомерный доступ _xБорьба с ним _yРоссийская Федерация _92436308 _3RU\NLR\auth\661449723 |
|
| 610 | 0 | _aГосударство и право. Юридические науки -- Уголовное право -- Российская Федерация -- Преступления против общественной безопасности -- Компьютерная преступность | |
| 686 |
_aХ628.112.039,0 _2rubbk |
||
| 686 | _aХ628.322.121.1 | ||
| 700 | 1 |
_aАйсанов _bР. М. _gРуслан Мухамедович _4070 |
|
| 801 | 0 |
_aRU _bРГБ _c20100816 _grcr |
|
| 801 | 1 |
_aRU _bРГБ _c20100816 |
|
| 801 | 2 |
_aRU _bNLR _c20101001 _grcr |
|
| 830 | _aавт. по кн. | ||
| 942 | _cBOOK | ||
| 980 | _aNB | ||